000 01369nam a22002897a 4500
001 9531
003 FISKH
005 20260120084610.0
008 260120b cb ||||| |||| 00| 0 eng d
020 _a9789740845881
040 _aFISKH
_beng
_cFISKH
_dFISKH
050 _a PS3134 .B4
082 _a813.4
100 _aWallace , Lew
245 _aBen-Hur /
_cBy Lew Wallace
260 _aMalaysia :
_bOxford University Press ,
_c1978 .
300 _a80 pages :
_bcolor illustrations ;
_c20 cm .
505 _aZ
520 _aJudah Ben-Hur lives as a rich Jewish prince and merchant in Jerusalem at the beginning of the 1st century. His old friend Messala arrives as commanding officer of the Roman legions. They become bitter enemies. Because of an unfortunate accident, Ben-Hur is sent to slave in the mines while his family is sent to leprosy caves. As Messala is dying from being crushed in a chariot race, he reveals where Ben-Hur's family is. On the road to find them, Ben-Hur meets the Christ as he is on the road to Golgotha to be crucified. That day changes Ben-Hur's life forever, for that is the day he becomes a believer.
521 8 _a990
_bLexile
521 8 _aZ
_bRaz-Plus
650 _aAncient Rome
_vFiction
650 _a19th century
_vFiction
700 _aNoor , Ise
_eIllustrator
942 _2ddc
_cBK
_n0
999 _c9531
_d9531